000 00866cam a2200253 4500
999 _c2997
_d2997
001 2182299
003 GBCCL
005 20241126110444.0
008 711105m19719999ohu 000 0 eng
010 _a 70176281
020 _a091006802X
020 _a0910068119 (v. 2)
040 _aDLC
_cDLC
_dDLC
050 0 0 _aBV4510.A1
_bW5
082 0 0 _a230.99
_219
_bWIE
100 1 _aWierwille, Victor Paul.
_96241
245 1 0 _aStudies in abundant living.
260 _aNew Knoxville, Ohio,
_bAmerican Christian Press
_c[1971-<1985 >
300 _av. <1-5 >
_c20 cm.
505 1 _av. 1. The Bible tells me so.--v. 2. The new, dynamic church.--v. 3. The word's way.--v. 4. God's magnified word.--v. 5. Order my steps in Thy word.
650 0 _aChristian life
_xBiblical teaching.
_91788
906 _a7
_bcbc
_corignew
_d2
_encip
_f19
_gy-gencatlg
942 _2ddc
_cBK
_01